LIBRARY & INFORMATION CENTRE, KCAET, TAVANUR

ONLINE PUBLIC ACCESS CATALOGUE (OPAC)

Climatic Risk in Corp Production: Models and Management for the Semiarid Tropics and Subtropics / (Record no. 6811)

MARC details
000 -LEADER
fixed length control field 00440cam a2200145ua 4500
020 ## - INTERNATIONAL STANDARD BOOK NUMBER
ISBN 085198665X
082 ## - DEWEY DECIMAL CLASSIFICATION NUMBER
Classification number 338.14
Item number MUC/CL
100 ## - MAIN ENTRY--AUTHOR NAME
Personal name Muchow, Russel C .
100 ## - MAIN ENTRY--AUTHOR NAME
Personal name Bellamy, Jennifer A .
245 00 - TITLE STATEMENT
Title Climatic Risk in Corp Production: Models and Management for the Semiarid Tropics and Subtropics /
250 ## - EDITION STATEMENT
Edition statement 1 /
260 ## - PUBLICATION, DISTRIBUTION, ETC. (IMPRINT)
Place of publication United Kingdom :
Name of publisher CAB International ,
Year of publication 1991.
300 ## - PHYSICAL DESCRIPTION
Number of Pages 548 ; .
942 ## - ADDED ENTRY ELEMENTS (KOHA)
Koha item type Reference
Holdings
Withdrawn status Lost status Damaged status Collection code Home library Current library Shelving location Date acquired Full call number Accession Number Koha item type
      Reference KAUAET KAUAET Reference 07/04/2012 338.14.MUC/CL 18438 Reference
free website counter